<Les> Nouvelles régles du contrôle de gestion industrielle

Guardado en:
Detalles Bibliográficos
Autor principal: Laverty, Jacques
Otros Autores: Demeestére, René
Formato: Libro
Lenguaje:francés
Publicado: Paris Bordas 1990
Edición:1. éd.
Materias:
Etiquetas: Agregar Etiqueta
Sin Etiquetas, Sea el primero en etiquetar este registro!

MARC

LEADER 00000nam a2200000 4500
001 c001268
005 20221215130542.9
020 |a 2-04-01 9650-1 
041 0 |a fre 
044 |a FR 
245 1 0 |a <Les> Nouvelles régles du contrôle de gestion industrielle  |c Jacques Laverty, René Demeestére 
250 |a 1. éd. 
264 1 |a Paris  |b Bordas  |c 1990 
300 |a 319 s. 
610 2 0 |a riadenie 
610 2 0 |a priemysel 
610 2 0 |a hospodárnosť 
610 2 0 |a kontrola 
610 2 0 |a hospodárenie podnikové 
610 2 0 |a náklady výrobné 
610 2 0 |a využitie síl pracovných 
610 2 0 |a rentabilita 
610 2 0 |a kontrola riadenia 
610 2 0 |a kontrola priebežná 
610 2 0 |a metodika 
610 2 0 |a čas 
610 2 0 |a kontrola finančná 
610 2 0 |a ceny 
610 2 0 |a ceny nákupné 
610 2 0 |a diagnostikácia 
610 2 0 |a stratégia podniková 
610 2 0 |a kontrola operatívna 
100 1 |a Laverty, Jacques 
700 1 |a Demeestére, René